000 00459nam a2200169Ia 4500
008 140925s9999 xx 000 0 und d
020 _a2222-6931
245 _aJournal of European Psychology Students /
_h[electronic resource]
260 _bUbiquity Press,
_cc2009.
516 _aElectronic text
650 _aPsychology.
650 _aStudents.
830 _aUbiquity Press
856 _uhttp://jeps.efpsa.org/
942 _cEJ
999 _c275634
_d275634